000 00516nam a2200169Ia 4500
003 OSt
005 20210107100635.0
008 190216s9999||||xx |||||||||||||| ||und||
040 _coclc
082 _a894.812301
_bPOY/A
100 _aPoythumkadavu, Shihabuddin
_96426
245 0 _aAarkum Vendatha Oru Kannu /
_cShihabuddin Poythumkadavu
260 _bLipi Publications,
_c2002.
_aKozhikode:
300 _a80p
650 _aKathakal
942 _cBK
_2ddc
_h894.812301
_iPOY/A
_k894.812301
_mPOY/A
999 _c29993
_d29993